Histr̤ia do ruralismo e combate ̉escravidô nas normas constitucionais brasileiras

Detalles Bibliográficos
Autor principal: Cavadas, Divo Augusto
Formato: eBook
Lenguaje:portugués
Publicado: Rio de Janeiro: Editora Processo, 2021
Materias:
Acceso en línea:Acceso restringido

MARC

LEADER 00000nam a22000007a 4500
005 2022081207497.0
007 cr|||| ||||
008 220812s2021 br |||||s|||| 00||0 por d
020 |a 978658935167-2 
035 |a 36809 
040 |a vLex 
090 |c 13683  |d 13683 
100 1 |a Cavadas, Divo Augusto 
245 1 0 |a Histr̤ia do ruralismo e combate ̉escravidô nas normas constitucionais brasileiras  |h [Recurso electrn̤ico] /  |c Divo Augusto Cavadas 
256 |a Servicio en ln̕ea 
260 |a Rio de Janeiro:  |b Editora Processo,  |c 2021 
300 |a 1 recurso electrn̤ico 
500 |a A presente obra trata do nefasto fenm̥eno da escravidô humana, contextualizado com a iconografia caracters̕tica dos sčulos XVII e XIX, de modo a elaborar uma histr̤ia do ruralismo brasileiro, que difere das experin̊cias norte-americana e britńica. Nesse sentido, o estudo ampara-se na historiografia polt̕ica e da arte, na cin̊cia jurd̕ica e no imaginr̀io polt̕ico e social das regie̳s interiores do Brasil que, influenciadas pela proeminn̊cia econm̥ica e polt̕ica dos “homens de grossa aventura” (ex-traficantes de povos escravizados), constroem seu prp̤rio imaginr̀io condescendente com a exploraȯ̂ de trabalhos forȧdos, naturalizada e transmitida s̉ geraė̳s seguintes, culminando na atividade de uma bancada parlamentar ruralista com pautas divergentes dos paradigmas do setor primr̀io da economia ps̤-sčulo XXI. 
506 1 |a Disponible solo en los productos indicados  |d vLex Global  |d vLex Global (Academic Edition, excluding Law Schools)  |d vLex Global (U.S. Academic Edition, Law Schools)  |d vLex Global (U.S. Academic Edition, excluding Law Schools)  |d vLex Global (Academic Edition, Law Schools) 
650 0 4 |a Derecho Constitucional  |z Brasil 
740 0 |a vLex Libros (Servicio en ln̕ea) 
856 4 0 |u https://app.vlex.com/#/sources/36809  |z Acceso restringido 
942 |c BOOK 
999 0 |a Constitutional right